| 000 | 00639nam a22002057a 4500 | ||
|---|---|---|---|
| 005 | 20260320112104.0 | ||
| 010 | _aENG-145747 | ||
| 020 |
_a9789361599064 _c440.00 |
||
| 035 | _aEN-129279 | ||
| 037 | _bDBAD | ||
| 082 |
_a574 _21 |
||
| 100 |
_aGautam, Rohit _988668 |
||
| 245 |
_aNTA CUET UG 2025: _bBiology/ _cRohit Gautam [and] Prashant Jain |
||
| 250 | _a1 | ||
| 260 |
_aNoida _bPearson India Education _c2025 |
||
| 270 |
_a15th Floor, Towe-B, World Trade Tower, Plot No.1, Block-C, Sector-16 _bNoida _e201301 |
||
| 300 |
_avpp. _c23cm(pb) |
||
| 700 |
_aJain, Prsahant _eAuthor _982683 |
||
| 942 |
_2ddc _cEN _h574 _mGAW |
||
| 999 |
_c212171 _d212171 |
||